[Event "POL-ChT2"]
[Site "Opole POL"]
[Date "2006.09.02"]
[Round "1"]
[White "Owczarzak, Jerzy"]
[Black "Toczek, Grzegorz"]
[Result "1-0"]
[WhiteElo "2380"]
[BlackElo "2339"]
[EventDate "2006.09.02"]
[PlyCount "71"]

1.e4 d5 2.exd5 Qxd5 3.Nc3 Qd6 4.d4 Nf6 5.Bd3 Nc6 6.Nge2 Nb4 7.Bf4 Qb6 8.a3
Nxd3+ 9.Qxd3 c6 10.O-O-O Bg4 11.f3 Bh5 12.Be5 Bg6 13.Ne4 O-O-O 14.h4 Bxe4 
15.fxe4 Ng4 16.Qf3 h5 17.Bg3 g6 18.Qxf7 Bh6+ 19.Kb1 Rd7 20.Rd3 e5 21.Qxg6 
exd4 22.Qxh5 Rg8 23.Rf1 Be3 24.Rf7 Qd8 25.Qf5 Nh6 26.Qxd7+ Qxd7 27.Rxd7 
Kxd7 28.Nxd4 Bxd4 29.Rxd4+ Ke7 30.Bf4 Nf7 31.g3 Ke6 32.c3 b5 33.Kc2 Ne5 
34.Kb3 Rc8 35.h5 c5 36.Rd5 1-0

[Event "POL-ChT2"]
[Site "Opole POL"]
[Date "2006.09.02"]
[Round "1"]
[White "Urban, Klaudiusz"]
[Black "Kuzmicz, Krystian"]
[Result "1/2-1/2"]
[WhiteElo "2457"]
[BlackElo "2375"]
[EventDate "2006.09.02"]
[PlyCount "83"]

1.d4 d6 2.Nf3 Nf6 3.c4 Nbd7 4.Nc3 e5 5.g3 Be7 6.Bg2 O-O 7.O-O c6 8.Qc2 Re8
9.h3 Qc7 10.Rd1 Bf8 11.e4 a6 12.Be3 b5 13.cxb5 cxb5 14.Rac1 Bb7 15.Qb1 Qb8
16.d5 Rc8 17.b4 Be7 18.Nd2 Ne8 19.Nb3 Bd8 20.a4 a5 21.Nxa5 bxa4 22.Nxa4 
Bxa5 23.bxa5 Rxa5 24.Qb4 Qa8 25.Rxc8 Bxc8 26.Nb2 Ra1 27.Kh2 Rxd1 28.Nxd1 
Qb8 29.Qa3 Qb5 30.Nc3 Qa6 31.Qb4 Qb7 32.Na2 Qxb4 33.Nxb4 Bb7 34.Bf1 Kf8 
35.Bb5 Ke7 36.Kg2 Nc7 37.Bc4 Nb8 38.f3 Nca6 39.Nd3 Nc7 40.Ba7 Nca6 41.Kf2 
Nd7 42.Be3 {zapis nieczytelny} 1/2-1/2

[Event "POL-ChT2"]
[Site "Opole POL"]
[Date "2006.09.02"]
[Round "1"]
[White "Szydlowska, Marta"]
[Black "Chmiel, Dominika"]
[Result "0-1"]
[WhiteElo "2048"]
[BlackElo "2138"]
[EventDate "2006.09.02"]
[PlyCount "48"]

1.d4 Nf6 2.Nf3 c5 3.c3 d6 4.Bf4 g6 5.e3 Bg7 6.h3 O-O 7.Qb3 Nc6 8.a4 Be6 9.
Qa3 cxd4 10.exd4 Bd5 11.Be2 e5 12.dxe5 dxe5 13.Be3 Bxf3 14.Bxf3 e4 15.Be2 
Nd5 16.Bc5 Re8 17.g3 b6 18.Be3 Nxe3 19.fxe3 Qg5 20.Kf2 Re6 21.c4 Be5 22.
Rg1 Rd8 23.Rg2 Qf6+ 24.Kg1 Bxb2 0-1

[Event "POL-ChT2"]
[Site "Opole POL"]
[Date "2006.09.02"]
[Round "1"]
[White "Jasnikowski, Zbigniew"]
[Black "Kalinin, Oleg"]
[Result "1/2-1/2"]
[WhiteElo "2411"]
[BlackElo "2354"]
[EventDate "2006.09.02"]
[PlyCount "31"]

1.d4 Nf6 2.c4 d6 3.Nf3 c6 4.Nc3 Bg4 5.e4 e6 6.d5 Nbd7 7.Be2 cxd5 8.cxd5 
exd5 9.Nxd5 Be7 10.O-O O-O 11.Re1 Nc5 12.Nxe7+ Qxe7 13.Nd4 Bxe2 14.Rxe2 
Qe5 15.f3 Rfd8 16.Be3 1/2-1/2

[Event "POL-ChT2"]
[Site "Opole POL"]
[Date "2006.09.02"]
[Round "1"]
[White "Bernard, Ryszard"]
[Black "Jadanowski, Lukasz"]
[Result "1/2-1/2"]
[WhiteElo "2356"]
[BlackElo "2072"]
[EventDate "2006.09.02"]
[PlyCount "52"]

1.e4 Nf6 2.e5 Nd5 3.d4 d6 4.c4 Nb6 5.exd6 cxd6 6.d5 e6 7.Nc3 Be7 8.Nf3 O-O
9.Be2 exd5 10.Nxd5 Nxd5 11.Qxd5 Nc6 12.O-O Be6 13.Qh5 Qa5 14.Qb5 Qxb5 15.
cxb5 Ne5 16.Nxe5 dxe5 17.Bf3 Rab8 18.Be3 b6 19.Rfc1 Rfc8 20.Bc6 f5 21.f3 
Rd8 22.Rc2 Rd3 23.Kf2 Rbd8 24.Ke2 Bb4 25.g3 h6 26.h4 Bf7 1/2-1/2

[Event "POL-ChT2"]
[Site "Opole POL"]
[Date "2006.09.02"]
[Round "1"]
[White "Sendera, Jaroslaw"]
[Black "Strzemiecki, Zbigniew"]
[Result "1-0"]
[WhiteElo "2334"]
[BlackElo "2366"]
[EventDate "2006.09.02"]
[PlyCount "43"]

1.e4 e6 2.d4 d5 3.Nc3 Bb4 4.Qd3 dxe4 5.Qxe4 Nf6 6.Qh4 Bd7 7.Bd2 Bc6 8.
O-O-O Nbd7 9.f3 Nb6 10.Bd3 Qd7 11.Nge2 O-O-O 12.Kb1 Kb8 13.d5 Nbxd5 14.
Nxd5 Nxd5 15.Bxb4 g5 16.Qe1 Ne3 17.Rd2 Bd5 18.Qf2 Qa4 19.a3 a5 20.Nc3 Qc6 
21.Qxe3 axb4 22.axb4 1-0

[Event "POL-ChT2"]
[Site "Opole POL"]
[Date "2006.09.02"]
[Round "1"]
[White "Antoniewski, Rafal"]
[Black "Staniszewski, Piotr"]
[Result "1-0"]
[WhiteElo "2509"]
[BlackElo "2424"]
[EventDate "2006.09.02"]
[PlyCount "129"]

1.e4 e5 2.Nf3 Nc6 3.Bc4 Bc5 4.c3 Nf6 5.b4 Bb6 6.d3 d6 7.O-O Ne7 8.a4 a6 9.
a5 Ba7 10.Re1 Ng6 11.Ra2 O-O 12.Rb2 Re8 13.Qb3 Qe7 14.d4 Bg4 15.Ng5 Rf8 
16.h3 Bd7 17.Nf3 h6 18.b5 axb5 19.Bxb5 Rab8 20.Na3 c6 21.Bf1 Be6 22.Qa4 
Qc7 23.Nc4 exd4 24.Nxd4 Bxc4 25.Bxc4 Nxe4 26.Rxe4 d5 27.Bxd5 cxd5 28.Nb5 
Qd8 29.Re1 Bc5 30.Nd4 Re8 31.Rxe8+ Qxe8 32.Qxe8+ Rxe8 33.Be3 Bxd4 34.Bxd4 
Re7 35.g3 f6 36.f4 Rd7 37.Rb6 Kf7 38.Kf2 Ne7 39.g4 Nc8 40.Rb4 Nd6 41.Kf3 
Ne4 42.Rb5 Ke8 43.Ke2 f5 44.Kd3 Kf7 45.gxf5 Ng3 46.c4 dxc4+ 47.Kxc4 Ne4 
48.Be5 h5 49.Rb6 Nd2+ 50.Kb5 Nf3 51.Kc5 Nd2 52.Rg6 Kf8 53.Kb5 h4 54.f6 
gxf6 55.Rxf6+ Ke8 56.Rh6 Rd5+ 57.Kb4 Nf3 58.Rh8+ Kd7 59.Rh7+ Ke6 60.Rxb7 
Nxe5 61.fxe5 Rxe5 62.a6 Re1 63.Rb5 Rb1+ 64.Kc5 Ra1 65.Kb6 1-0

[Event "POL-ChT2"]
[Site "Opole POL"]
[Date "2006.09.02"]
[Round "1"]
[White "Skalski, Michal"]
[Black "Schmidt, Wlodzimierz"]
[Result "1/2-1/2"]
[WhiteElo "2343"]
[BlackElo "2437"]
[EventDate "2006.09.02"]
[PlyCount "25"]

1.d4 Nf6 2.c4 g6 3.Nc3 d5 4.cxd5 Nxd5 5.Bd2 Bg7 6.e4 Nb6 7.Be3 O-O 8.Be2 
Nc6 9.Nf3 Bg4 10.d5 Bxf3 11.gxf3 Na5 12.Bd4 Qd6 13.f4 1/2-1/2

[Event "POL-ChT2"]
[Site "Opole POL"]
[Date "2006.09.02"]
[Round "1"]
[White "Misiuga, Andrzej"]
[Black "Litwin, Jozef"]
[Result "0-1"]
[WhiteElo "2199"]
[BlackElo "2183"]
[EventDate "2006.09.02"]
[PlyCount "108"]

1.Nf3 d5 2.g3 Nf6 3.Bg2 c6 4.O-O Bf5 5.d3 e6 6.Nbd2 h6 7.Qe1 Nbd7 8.e4 
dxe4 9.Nxe4 Nxe4 10.dxe4 Bh7 11.Qe2 Be7 12.Rd1 Qc7 13.Bf4 Qb6 14.Ne5 Nxe5 
15.Bxe5 O-O 16.Qg4 Bg6 17.Rd7 Rfe8 18.Bd4 Bc5 19.Bxc5 Qxc5 20.Rxb7 Rab8 
21.Rxb8 Rxb8 22.b3 Qxc2 23.Qd1 Bxe4 24.Qxc2 Bxc2 25.Rc1 Bf5 26.Rxc6 Rd8 
27.h3 Rd1+ 28.Kh2 Rd2 29.g4 Bb1 30.Rc8+ Kh7 31.Rc7 Rxf2 32.Kg3 Rxa2 33.
Rxf7 Kg6 34.Rc7 Kf6 35.Bf1 Be4 36.b4 Ra3+ 37.Kf2 g6 38.Rc5 Bd5 39.Rc7 Kg5 
40.Rf7 h5 41.gxh5 Kxh5 42.Be2+ Kg5 43.Rh7 Be4 44.h4+ Kf4 45.Rf7+ Bf5 46.h5
gxh5 47.Bxh5 Rh3 48.Bg6 Rh2+ 49.Kg1 Ra2 50.Bxf5 exf5 51.Rc7 Kg4 52.Kf1 f4 
53.b5 Kg3 54.Rc1 f3 0-1

[Event "POL-ChT2"]
[Site "Opole POL"]
[Date "2006.09.02"]
[Round "1"]
[White "Markowski, Tomasz"]
[Black "Kulesza, Mateusz"]
[Result "1/2-1/2"]
[WhiteElo "2547"]
[BlackElo "2282"]
[EventDate "2006.09.02"]
[PlyCount "60"]

1.c4 e5 2.g3 Nc6 3.Bg2 g6 4.Nc3 Bg7 5.d3 d6 6.e3 Be6 7.Nd5 Nge7 8.Ne2 O-O 
9.h3 Qd7 10.Qa4 Rae8 11.Rb1 f5 12.f4 h6 13.Bd2 g5 14.Qb5 Rb8 15.O-O a6 16.
Qb3 b5 17.Qc2 Nd8 18.Kh2 c6 19.Nxe7+ Qxe7 20.b3 Bd7 21.b4 Ne6 22.Rbe1 bxc4
23.Qxc4 d5 24.Qc2 e4 25.Rc1 c5 26.dxe4 dxe4 27.fxg5 hxg5 28.a3 Bb5 29.Rf2 
Bd3 30.Qa2 c4 1/2-1/2

[Event "POL-ChT2"]
[Site "Opole POL"]
[Date "2006.09.02"]
[Round "1"]
[White "Sikorska, Agata"]
[Black "Jadanowska, Beata"]
[Result "1/2-1/2"]
[WhiteElo "2101"]
[BlackElo "1873"]
[EventDate "2006.09.02"]
[PlyCount "110"]

1.e4 e5 2.Nf3 Nc6 3.Bb5 a6 4.Ba4 Nf6 5.d4 exd4 6.O-O Be7 7.e5 Nd5 8.Bb3 
Nb6 9.Nxd4 O-O 10.f4 Nxd4 11.Qxd4 d6 12.Nc3 c5 13.Qe4 dxe5 14.fxe5 Qc7 15.
Nd5 Nxd5 16.Bxd5 Ra7 17.c4 Be6 18.Be3 b5 19.b3 Qd8 20.Rad1 Rd7 21.Rf2 g6 
22.Rdd2 Bg5 23.Bxe6 Bxe3 24.Rxd7 Bxf2+ 25.Kh1 Qg5 26.Bg4 Bd4 27.g3 Qxe5 
28.Qxe5 Bxe5 29.Ra7 b4 30.Bf3 f5 31.Bd5+ Kh8 32.Rxa6 f4 33.gxf4 Rxf4 34.
Kg2 Bd4 35.Ra7 Rf2+ 36.Kg3 Rb2 37.h4 Be5+ 38.Kg4 Rf2 39.Be6 Rf6 40.Re7 Bd4
41.Bd5 Bb2 42.h5 gxh5+ 43.Kxh5 Ra6 44.Be6 Bc1 45.Bf5 Rxa2 46.Rxh7+ Kg8 47.
Rc7 Be3 48.Kg6 Ra6+ 49.Kh5 Rh6+ 50.Kg4 Bd4 51.Kf4 Rd6 52.Ke4 Kf8 53.Bd7 
Ke7 54.Bg4+ Kf6 55.Bd7 Ke7 1/2-1/2

[Event "POL-ChT2"]
[Site "Opole POL"]
[Date "2006.09.02"]
[Round "1"]
[White "Orzech, Dominik"]
[Black "Bobula, Mateusz"]
[Result "0-1"]
[WhiteElo "2370"]
[BlackElo "2254"]
[EventDate "2006.09.02"]
[PlyCount "156"]

1.Nf3 d5 2.d4 Nf6 3.c4 c6 4.Nc3 e6 5.cxd5 exd5 6.Bg5 Be7 7.Qc2 Nbd7 8.e3 
O-O 9.Bd3 Re8 10.h3 Nf8 11.O-O g6 12.Rab1 Ne6 13.Bh4 Ng7 14.b4 a6 15.a4 
Bf5 16.b5 axb5 17.axb5 Bxd3 18.Qxd3 Nf5 19.Bxf6 Bxf6 20.Rfc1 Ra3 21.bxc6 
bxc6 22.Ra1 Qa5 23.Rxa3 Qxa3 24.Qc2 Rb8 25.Nb1 Qa6 26.Nbd2 Ne7 27.Nb3 Qa4 
28.Nc5 Qxc2 29.Rxc2 Kg7 30.g4 h6 31.Kg2 Rb4 32.Ra2 Nc8 33.Ra8 Nb6 34.Rb8 
Rb5 35.Rb7 Na4 36.Rxb5 cxb5 37.Kf1 Be7 38.Nd3 Bd6 39.Ke1 Nc3 40.Kd2 Ne4+ 
41.Kc2 Kf6 42.Nfe1 Ke6 43.f3 Ng3 44.Kd2 f5 45.Ng2 g5 46.Ke1 h5 47.gxh5 
Nxh5 48.Kd2 f4 49.e4 dxe4 50.fxe4 Ng3 51.e5 Bc7 52.h4 Ba5+ 53.Kd1 f3 54.
Ne3 gxh4 55.d5+ Ke7 56.Ng4 Ne4 57.Nf4 f2 58.Ke2 Bb6 59.Nxf2 {=} 59...Nxf2 
60.Ng6+ Kd7 61.Nxh4 Ng4 62.e6+ Kd6 63.Nf5+ Kxd5 64.e7 Nf6 65.Ng7 Bd4 66.
Kd3 Be5 67.Kc2 Kd6 68.e8=Q Nxe8 69.Nxe8+ Kc5 70.Kb3 b4 71.Ka4 Kc4 72.Nc7 
b3 73.Nb5 b2 74.Na3+ Kc3 75.Nb1+ Kc2 76.Na3+ Kc1 77.Kb3 Bd6 78.Nb1 Kxb1 
0-1

[Event "POL-ChT2"]
[Site "Opole POL"]
[Date "2006.09.02"]
[Round "1"]
[White "Murawski, Grzegorz"]
[Black "Krzyzanowski, Marcin"]
[Result "0-1"]
[WhiteElo "2311"]
[BlackElo "2106"]
[EventDate "2006.09.02"]
[PlyCount "80"]

1.e4 e5 2.Nf3 Nc6 3.Bc4 Nf6 4.d3 Be7 5.O-O d6 6.a4 O-O 7.Re1 h6 8.c3 a5 9.
Nbd2 Kh8 10.Nf1 Na7 11.h3 c6 12.d4 Qc7 13.Qb3 Kg8 14.dxe5 dxe5 15.Be3 Nd7 
16.Ng3 Nc5 17.Qc2 Be6 18.Qe2 Bxc4 19.Qxc4 Rfd8 20.Nf5 Bf8 21.Bxc5 b5 22.
axb5 cxb5 23.Qa2 Bxc5 24.Qxa5 Qb7 25.Qa6 Qc7 26.Ne3 Bxe3 27.Rxe3 Nc6 28.
Qxa8 Rxa8 29.Rxa8+ Kh7 30.Ra1 Na5 31.Nxe5 Nb3 32.Ra3 Nd2 33.Re2 b4 34.Ra8 
bxc3 35.bxc3 Qxc3 36.f4 Qc5+ 37.Kh1 Qc1+ 38.Kh2 Nf1+ 39.Kg1 Ng3+ 40.Kf2 
Qxf4+ 0-1

[Event "POL-ChT2"]
[Site "Opole POL"]
[Date "2006.09.02"]
[Round "1"]
[White "Kovalev, Andrei"]
[Black "Juroszek, Tadeusz"]
[Result "1-0"]
[WhiteElo "2526"]
[BlackElo "2387"]
[EventDate "2006.09.02"]
[PlyCount "42"]

1.e4 g6 2.d4 Bg7 3.Nf3 d6 4.Nc3 Nf6 5.h3 O-O 6.Be3 Nc6 7.d5 Nb8 8.a4 e6 9.
dxe6 Bxe6 10.Nd4 Bd7 11.g3 Nc6 12.Bg2 Re8 13.Nde2 Nb4 14.O-O a5 15.Nd4 Qc8
16.Kh2 c6 17.Nb3 Be6 18.Nd4 Bd7 19.Qd2 Qc7 20.Rad1 Red8 21.f4 h6 {zapis 
nieczytelny} 1-0

[Event "POL-ChT2"]
[Site "Opole POL"]
[Date "2006.09.02"]
[Round "1"]
[White "Kaszowski, Dariusz"]
[Black "Lisowski, Krzysztof"]
[Result "1/2-1/2"]
[WhiteElo "2299"]
[BlackElo "2234"]
[EventDate "2006.09.02"]
[PlyCount "42"]

1.d4 d5 2.c4 c6 3.Nf3 Nf6 4.e3 e6 5.Nbd2 b6 6.Bd3 Bb7 7.O-O Be7 8.e4 dxe4 
9.Nxe4 c5 10.Nxf6+ Bxf6 11.dxc5 bxc5 12.Qe2 O-O 13.Rd1 Qe7 14.Bf4 Rd8 15.
Ne5 Nc6 16.Qe4 g6 17.Nxc6 Qe8 18.Bc7 Bxc6 19.Qf4 Bxb2 20.Rab1 e5 21.Qf6 
Rdc8 1/2-1/2

[Event "POL-ChT2"]
[Site "Opole POL"]
[Date "2006.09.02"]
[Round "1"]
[White "Chlost, Marlena"]
[Black "Majdan, Joanna"]
[Result "1-0"]
[WhiteElo "2132"]
[BlackElo "2314"]
[EventDate "2006.09.02"]
[PlyCount "71"]

1.e4 c5 2.Nf3 d6 3.d4 cxd4 4.Nxd4 Nf6 5.Nc3 a6 6.f3 e5 7.Nb3 Be7 8.Be3 Be6
9.Qd2 O-O 10.O-O-O a5 11.Bb5 Na6 12.Qf2 Nd7 13.g4 Nc7 14.Qe2 Nxb5 15.Qxb5 
Qc7 16.Kb1 Rfc8 17.Nd2 a4 18.a3 Ra5 19.Qd3 Nc5 20.Bxc5 Qxc5 21.Nf1 Bc4 22.
Qd2 Ra6 23.Ng3 Bf8 24.Nd5 Bxd5 25.exd5 Rb6 26.Qd3 Qc3 27.Qxc3 Rxc3 28.Rhe1
Rxf3 29.Re4 Rxa3 30.Rf1 Rc3 31.Rxa4 Rc8 32.c4 g6 33.Ne4 Rb3 34.Ng5 Be7 35.
Nxh7 Kg7 36.g5 1-0

[Event "POL-ChT2"]
[Site "Opole POL"]
[Date "2006.09.02"]
[Round "1"]
[White "Szwed, Jacek"]
[Black "Zezulkin, Jurij"]
[Result "0-1"]
[WhiteElo "2323"]
[BlackElo "2455"]
[EventDate "2006.09.02"]
[PlyCount "84"]

1.d4 Nf6 2.c4 g6 3.f3 e5 4.dxe5 Nh5 5.Nh3 Nc6 6.Bg5 Be7 7.Bxe7 Qxe7 8.Nc3 
Qxe5 9.Qd2 d6 10.Nf2 Be6 11.e3 f5 12.Nd5 Bxd5 13.cxd5 Ne7 14.Bc4 Nf4 15.
Nd3 Nxd3+ 16.Qxd3 Qxb2 17.O-O Qe5 18.Rab1 Rb8 19.Ba6 Nxd5 20.Rxb7 Rxb7 21.
Bxb7 Qxe3+ 22.Qxe3+ Nxe3 23.Bc6+ Ke7 24.Re1 f4 25.g3 g5 26.Rb1 d5 27.Rb7 
Kd6 28.Ba4 a5 29.Rb5 Ra8 30.Kf2 Ra6 31.h4 h6 32.hxg5 hxg5 33.gxf4 gxf4 34.
Ke2 Rb6 35.Rxb6+ cxb6 36.Kd3 Kc5 37.Bd7 b5 38.Be8 b4 39.Bd7 Nc4 40.Be8 
Ne5+ 41.Ke2 d4 42.Bh5 d3+ 0-1

[Event "POL-ChT2"]
[Site "Opole POL"]
[Date "2006.09.02"]
[Round "1"]
[White "Szczepkowska-Horowska, Karina"]
[Black "Bednarska, Malgorzata"]
[Result "1-0"]
[WhiteElo "2331"]
[BlackElo "2194"]
[EventDate "2006.09.02"]
[PlyCount "79"]

1.e4 c5 2.d3 g6 3.g3 Bg7 4.Bg2 Nc6 5.f4 d6 6.Nf3 e5 7.O-O Nge7 8.f5 gxf5 
9.Nh4 f4 10.Qh5 Nd4 11.Na3 Bf6 12.c3 Ne6 13.Nf5 Nxf5 14.exf5 Ng7 15.Qf3 
Nxf5 16.Nc4 Rg8 17.Qh5 Qe7 18.Bd2 Be6 19.Na5 d5 20.c4 Rg5 21.Qd1 O-O-O 22.
Rc1 Rg6 23.b4 fxg3 24.h3 Nh4 25.cxd5 Nxg2 26.Rxc5+ Kb8 27.dxe6 Nf4 28.Rb5 
Nxh3+ 29.Kg2 Qxe6 30.Rxb7+ Ka8 31.Rb5 Rxd3 32.Qe2 e4 33.Rc1 Rg4 34.Nc6 Be5
35.Rxe5 Rxd2 36.Qxd2 Nf4+ 37.Kg1 Nh3+ 38.Kh1 g2+ 39.Kh2 g1=Q+ 40.Rxg1 1-0

[Event "POL-ChT2"]
[Site "Opole POL"]
[Date "2006.09.02"]
[Round "1"]
[White "Dawidow, Jacek"]
[Black "Hnydiuk, Aleksander"]
[Result "1/2-1/2"]
[WhiteElo "2337"]
[BlackElo "2366"]
[EventDate "2006.09.02"]
[PlyCount "29"]

1.e4 c5 2.Nf3 Nc6 3.d4 cxd4 4.Nxd4 e6 5.Nc3 a6 6.Nxc6 bxc6 7.Bd3 d5 8.O-O 
Nf6 9.Qe2 Be7 10.Kh1 O-O 11.f4 Qc7 12.e5 Nd7 13.Na4 f6 14.exf6 Rxf6 15.Bd2
1/2-1/2

[Event "POL-ChT2"]
[Site "Opole POL"]
[Date "2006.09.02"]
[Round "1"]
[White "Magnucka, Milena"]
[Black "Zielinska, Marta"]
[Result "0-1"]
[WhiteElo "2066"]
[BlackElo "2353"]
[EventDate "2006.09.02"]
[PlyCount "118"]

1.e4 d6 2.d4 Nf6 3.Nc3 Nc6 4.f3 e5 5.Nge2 Be7 6.Be3 O-O 7.Qd2 a6 8.O-O-O 
b5 9.g4 exd4 10.Nxd4 Nxd4 11.Bxd4 Be6 12.Kb1 b4 13.Bxf6 Bxf6 14.Nd5 Bxd5 
15.exd5 a5 16.f4 Rb8 17.g5 Be7 18.h4 Re8 19.Bd3 a4 20.Rhg1 Bf8 21.Qf2 Qd7 
22.Qf3 a3 23.b3 Qe7 24.Qf2 Qe3 25.Qxe3 Rxe3 26.Rde1 Rbe8 27.Rxe3 Rxe3 28.
Rh1 g6 29.Kc1 Bg7 30.Kd2 Rf3 31.f5 gxf5 32.Ke2 Rf4 33.Ke3 Be5 34.Be2 Re4+ 
35.Kf3 Rd4 36.Bc4 Kg7 37.h5 Rg4 38.Bd3 Rxg5 39.Rh4 Bc3 40.Rh1 Kh6 41.Kf4 
Bd2+ 42.Kf3 f4 43.Be4 Re5 44.Rd1 Be3 45.Rh1 f5 46.Bd3 Rxd5 47.Rh2 c5 48.
Rh1 Re5 49.Rh2 Kg5 50.Rh1 Re6 51.Rh2 Rh6 52.Rg2+ Kf6 53.Rh2 d5 54.Ke2 Ke5 
55.Kf3 Rc6 56.Bb5 Rf6 57.Rh1 Kd4 58.Rd1+ Kc3 59.Rxd5 Kb2 0-1

[Event "POL-ChT2"]
[Site "Opole POL"]
[Date "2006.09.02"]
[Round "1"]
[White "Mista, Aleksander"]
[Black "Tomczak, Rafal"]
[Result "1-0"]
[WhiteElo "2493"]
[BlackElo "2316"]
[EventDate "2006.09.02"]
[PlyCount "67"]

1.d4 d5 2.c4 dxc4 3.Nf3 Nf6 4.e3 e6 5.Bxc4 c5 6.O-O a6 7.Bb3 Nc6 8.Qe2 
cxd4 9.Rd1 d3 10.Rxd3 Qc7 11.Nc3 Bc5 12.h3 O-O 13.e4 Nd7 14.Be3 Bxe3 15.
Qxe3 Nde5 16.Nxe5 Nxe5 17.Qg3 b5 18.Rad1 Bb7 19.Rd7 Qxd7 20.Rxd7 Nxd7 21.
Qc7 Bc8 22.e5 Rb8 23.Ne4 Rb7 24.Qc3 b4 25.Qd4 a5 26.f4 Rc7 27.Kh2 Bb7 28.
Nd6 Nc5 29.Bc4 Rd8 30.f5 exf5 31.Bxf7+ Kf8 32.Qh4 Rdd7 33.Qxh7 Rxf7 34.
Qh8+ 1-0

[Event "POL-ChT2"]
[Site "Opole POL"]
[Date "2006.09.02"]
[Round "1"]
[White "Jozwik, Rafal"]
[Black "Plonczak, Dominik"]
[Result "0-1"]
[WhiteElo "2168"]
[BlackElo "2096"]
[EventDate "2006.09.02"]
[PlyCount "64"]

1.e4 e6 2.d4 d5 3.e5 c5 4.c3 Nc6 5.Nf3 Qb6 6.a3 Nh6 7.b4 cxd4 8.Bxh6 gxh6 
9.cxd4 Rg8 10.Nc3 Rg4 11.Na4 Qd8 12.g3 Bg7 13.h3 Re4+ 14.Be2 Nxd4 15.Nxd4 
Bxe5 16.Nf3 Bxa1 17.Qxa1 d4 18.Nc5 Rxe2+ 19.Kxe2 b6 20.Nb3 Ba6+ 21.Kd2 Qd5
22.Nbxd4 e5 23.Nxe5 Rd8 24.Nf3 Qxf3 25.Qe1+ Kf8 26.Qe3 Qd5 27.b5 Bxb5 28.
a4 Qxd4+ 29.Kc2 Bxa4+ 30.Kb1 Qb4+ 31.Ka1 Qd4+ 32.Kb1 Qxe3 0-1

[Event "POL-ChT2"]
[Site "Opole POL"]
[Date "2006.09.02"]
[Round "1"]
[White "Dudzinski, Pawel"]
[Black "Pazdziora, Michal"]
[Result "1/2-1/2"]
[WhiteElo "2203"]
[BlackElo "2151"]
[EventDate "2006.09.02"]
[PlyCount "37"]

1.e4 c5 2.c4 Nc6 3.Nc3 g6 4.g3 Bg7 5.Bg2 d6 6.d3 e5 7.Nge2 Nge7 8.Nd5 O-O 
9.O-O f5 10.Nec3 Be6 11.Nxe7+ Qxe7 12.Nd5 Bxd5 13.cxd5 Nd4 14.Be3 Rf7 15.
Bxd4 cxd4 16.Rc1 Qd8 17.exf5 gxf5 18.Qd2 Qf6 19.Rc4 1/2-1/2

[Event "POL-ChT2"]
[Site "Opole POL"]
[Date "2006.09.02"]
[Round "1"]
[White "Migala, Andrzej"]
[Black "Wieclaw, Michal"]
[Result "0-1"]
[WhiteElo "2164"]
[BlackElo "2229"]
[EventDate "2006.09.02"]
[PlyCount "60"]

1.e4 e6 2.d4 d5 3.e5 c5 4.c3 Nc6 5.Nf3 Qb6 6.a3 Nh6 7.b4 cxb4 8.cxb4 Nf5 
9.Bb2 Bd7 10.g4 Nfe7 11.Rg1 Rc8 12.Nc3 Na5 13.Na4 Qc6 14.Nc5 Nc4 15.Bc1 b6
16.Nxd7 Qxd7 17.Bd3 Nc6 18.Qb3 b5 19.Bd2 Be7 20.Ke2 O-O 21.g5 {=} 21...Ra8
22.h4 a5 23.Bc3 Rfb8 24.h5 g6 25.hxg6 fxg6 26.Rh1 axb4 27.axb4 Rxa1 28.
Rxa1 Rf8 29.Ra6 Rxf3 30.Qc2 Rf7 0-1

[Event "POL-ChT2"]
[Site "Opole POL"]
[Date "2006.09.02"]
[Round "1"]
[White "Zeberski, Jakub"]
[Black "Wisniewski, Adrian"]
[Result "1-0"]
[WhiteElo "2410"]
[BlackElo "2369"]
[EventDate "2006.09.02"]
[PlyCount "85"]

1.e4 e6 2.d4 d5 3.e5 b6 4.c3 Qd7 5.Nf3 Ne7 6.a4 Ba6 7.Bxa6 Nxa6 8.Qd3 Nb8 
9.a5 Qc6 10.O-O Qb7 11.Nbd2 c5 12.b3 Nec6 13.Ba3 Nd7 14.axb6 axb6 15.c4 
cxd4 16.Bxf8 Rxa1 17.Rxa1 Kxf8 18.cxd5 Nb4 19.Qxd4 Nxd5 20.Nc4 g6 21.Ng5 
Qc6 22.Nd6 Kg7 23.Ngxf7 Rf8 24.Qc4 Ra8 25.Rxa8 Qxa8 26.Qc1 Nf4 27.Qf1 Qd5 
28.g3 Nxe5 29.Nxe5 Qxe5 30.Nc4 Ne2+ 31.Kg2 Qd5+ 32.f3 Nd4 33.Qd3 b5 34.Nd2
Nf5 35.Qc3+ Qd4 36.Qc7+ Kh6 37.Ne4 Ne3+ 38.Kh3 Nd5 39.Qd6 Qg7 40.Qxe6 Nc7 
41.Qc6 Qe5 42.Nf6 Qe6+ 43.Ng4+ 1-0

[Event "POL-ChT2"]
[Site "Opole POL"]
[Date "2006.09.02"]
[Round "1"]
[White "Hudziak, Pawel"]
[Black "Wojciechowski, Piotr"]
[Result "0-1"]
[WhiteElo "2245"]
[BlackElo "2218"]
[EventDate "2006.09.02"]
[PlyCount "72"]

1.d4 d5 2.Nf3 Nc6 3.g3 Bg4 4.Bg2 e6 5.O-O Nf6 6.c4 Bd6 7.Nc3 O-O 8.cxd5 
Nxd5 9.e4 Nb6 10.h3 Bh5 11.Ne2 Be7 12.b3 Bg6 13.Nh2 Qd7 14.Bb2 Rad8 15.Qc1
f5 16.exf5 Bxf5 17.Rd1 Nb4 18.Ng4 Bxg4 19.hxg4 e5 20.dxe5 Qxg4 21.Nf4 c6 
22.e6 Bg5 23.Rxd8 Rxd8 24.Qc3 Bf6 25.Qxb4 Bxb2 26.Re1 Bf6 27.e7 Re8 28.Bh3
Qg5 29.Ne6 Qb5 30.Qd2 Qd5 31.Qe2 Qd6 32.Nd8 Rxe7 33.Be6+ Kf8 34.Rd1 Nd5 
35.Qf3 Qxd8 36.Bxd5 Rd7 0-1

[Event "POL-ChT2"]
[Site "Opole POL"]
[Date "2006.09.02"]
[Round "1"]
[White "Smagacz, Dariusz"]
[Black "Jasik, Krzysztof"]
[Result "1/2-1/2"]
[WhiteElo "2227"]
[BlackElo "2336"]
[EventDate "2006.09.02"]
[PlyCount "97"]

1.e4 c5 2.Nf3 Nc6 3.d4 cxd4 4.Nxd4 e5 5.Nb5 d6 6.N1c3 a6 7.Na3 b5 8.Nd5 
Nce7 9.c4 Nxd5 10.exd5 bxc4 11.Nxc4 Nf6 12.Be3 Rb8 13.Be2 Be7 14.a4 a5 15.
O-O O-O 16.Kh1 Ba6 17.Qd2 Bxc4 18.Bxc4 Ng4 19.Bb5 f5 20.f4 Nxe3 21.Qxe3 
Bf6 22.Rab1 exf4 23.Qxf4 Be5 24.Qf2 Rf6 25.b4 Rh6 26.h3 axb4 27.Rxb4 Rf6 
28.Rfb1 Qa5 29.R4b3 g6 30.Bc6 Rxb3 31.Rxb3 Rf8 32.Rb1 f4 33.Qf3 Qd2 34.Rd1
Qa2 35.Rf1 Bd4 36.Qe4 f3 37.gxf3 Be5 38.f4 Qb2 39.Qg2 Rxf4 40.Rxf4 Qxg2+ 
41.Kxg2 Bxf4 42.Kf3 Bd2 43.Ke2 Ba5 44.Kd3 Kf7 45.Kc4 Kf6 46.Kb5 Be1 47.a5 
Ke5 48.a6 Bf2 49.Kc4 1/2-1/2

[Event "POL-ChT2"]
[Site "Opole POL"]
[Date "2006.09.02"]
[Round "1"]
[White "Markiewicz, Jerzy"]
[Black "Dudzinski, Piotr"]
[Result "1-0"]
[WhiteElo "2314"]
[BlackElo "2254"]
[EventDate "2006.09.02"]
[PlyCount "79"]

1.d4 d5 2.c4 c6 3.Nf3 e6 4.Qc2 Bd6 5.g3 Nf6 6.Nbd2 Nbd7 7.Bg2 O-O 8.O-O e5
9.cxd5 cxd5 10.dxe5 Nxe5 11.Nxe5 Bxe5 12.Nf3 Bd6 13.b3 Be6 14.Bb2 Rc8 15.
Qd3 h6 16.Nd4 Qd7 17.Nxe6 fxe6 18.Rad1 Bc5 19.e4 Qf7 20.exd5 Nxd5 21.Bd4 
b6 22.Bxc5 Rxc5 23.Rd2 Qf5 24.Qd4 a5 25.Re1 Qf6 26.Qxf6 Rxf6 27.f4 Kf7 28.
Re5 g5 29.Bxd5 Rxd5 30.Rdxd5 exd5 31.fxg5 hxg5 32.Rxd5 Kg6 33.Kg2 Rc6 34.
Kf3 Re6 35.a4 Kf6 36.Kg4 Re4+ 37.Kh5 Re2 38.Rb5 Rxh2+ 39.Kg4 Rd2 40.Rxb6+ 
1-0

[Event "POL-ChT2"]
[Site "Opole POL"]
[Date "2006.09.02"]
[Round "1"]
[White "Matras, Agnieszka"]
[Black "Brodowski, Piotr"]
[Result "0-1"]
[WhiteElo "2212"]
[BlackElo "2320"]
[EventDate "2006.09.02"]
[PlyCount "63"]

1.e4 c5 2.Nc3 Nc6 3.f4 g6 4.Nf3 Bg7 5.Bb5 Nd4 6.Bc4 d6 7.Nxd4 cxd4 8.Ne2 
e6 9.O-O Ne7 10.d3 O-O 11.Bb3 Kh8 12.Kh1 a5 13.a4 b6 14.Ng1 d5 15.e5 f6 
16.exf6 Rxf6 17.Nf3 Nc6 18.Qe1 Qd6 19.Bd2 Ba6 20.Qh4 Raf8 21.Rfe1 Kg8 22.
Re2 Ne7 23.Rae1 Nf5 24.Qh3 h6 25.Ne5 Ne3 26.g3 g5 27.Bxe3 dxe3 28.fxg5 
hxg5 29.Rxe3 Rf5 30.Ng6 R8f6 31.Rxe6 Rxe6 32.Rxe6 {zapis nieczytelny} 0-1

[Event "POL-ChT2"]
[Site "Opole POL"]
[Date "2006.09.03"]
[Round "2"]
[White "Lisowski, Krzysztof"]
[Black "Urban, Klaudiusz"]
[Result "0-1"]
[WhiteElo "2234"]
[BlackElo "2457"]
[EventDate "2006.09.02"]
[PlyCount "72"]

1.e4 c6 2.d4 d5 3.Nd2 dxe4 4.Nxe4 Bf5 5.Ng3 Bg6 6.h4 h6 7.h5 Bh7 8.Nf3 e6 
9.Bd3 Bxd3 10.Qxd3 Nf6 11.Bd2 Be7 12.O-O-O O-O 13.Qe2 c5 14.dxc5 Qc7 15.
Kb1 Nbd7 16.c4 Nxc5 17.Bc3 Rfd8 18.Ne5 Na4 19.Bd4 Bc5 20.Bxc5 Qxc5 21.Rhe1
Rac8 22.f4 Qb4 23.Qc2 Nb6 24.f5 Nxc4 25.Nxc4 Rxd1+ 26.Rxd1 Rxc4 27.Qe2 Nd5
28.Ka1 Qc5 29.a3 Rc1+ 30.Rxc1 Qxc1+ 31.Ka2 Qe3 32.fxe6 Qxe6 33.Qxe6 fxe6 
34.Ne4 b6 35.Kb3 Kf7 36.Kc4 a6 {zapis nieczytelny} 0-1

[Event "POL-ChT2"]
[Site "Opole POL"]
[Date "2006.09.03"]
[Round "2"]
[White "Szelag, Marcin"]
[Black "Mista, Aleksander"]
[Result "0-1"]
[WhiteElo "2470"]
[BlackElo "2493"]
[EventDate "2006.09.02"]
[PlyCount "100"]

1.e4 g6 2.d4 Bg7 3.Nc3 c6 4.f4 d5 5.e5 Qb6 6.Be2 Nh6 7.Na4 Qc7 8.Be3 f6 9.
Nf3 Bg4 10.h3 Bxf3 11.Bxf3 Nd7 12.g4 fxe5 13.fxe5 e6 14.Qd2 Nf7 15.O-O O-O
16.Nc3 Nfxe5 17.dxe5 Nxe5 18.Bg2 Nc4 19.Qe2 Nxb2 20.Bc5 Rfe8 21.Rf3 Qa5 
22.Qf2 Nc4 23.Rf1 b6 24.Bd4 e5 25.Rf7 Rf8 26.Nxd5 cxd5 27.Bc3 Qb5 28.Kh2 
Rad8 29.Qf3 Rxf7 30.Qxf7+ Kh8 31.Qxa7 Ne3 32.Rf2 Nxg2 33.Kxg2 d4 34.Bd2 e4
35.Rf7 e3 36.Rxg7 Qe2+ 37.Kg1 Qd1+ 38.Kg2 Qxd2+ 39.Kg1 Qf2+ 40.Kh1 Qe1+ 
41.Kg2 Qe2+ 42.Kg1 Qd1+ 43.Kg2 Qxc2+ 44.Kg1 Qf2+ 45.Kh1 Qh4 46.Qc7 Qxh3+ 
47.Kg1 Qxg4+ 48.Kh1 Qh4+ 49.Kg1 Rf8 50.Rg8+ Kxg8 0-1